NOT Will Smith Quiz Stats

 Plays Quiz Updated Jun 8, 2017

Support Sporcle.
Go Orange.
Score 0/20 Timer 05:00
0 Plays Today
Movie % Correct
Men in Black
97.1%
I, Robot
88.3%
Men in Black 3
77%
The Pursuit of Happyness
74.1%
Men in Black II
71.4%
Hitch
71.3%
Independence Day
68.2%
I Am Legend
56.1%
Wild, Wild West
54.3%
Hancock
52.8%
Movie % Correct
The Legend of Bagger Vance
48.7%
After Earth
46.3%
Ali
41.7%
Enemy of the State
29.9%
Bad Boys II
27.6%
Bad Boys
27.1%
Six Degrees of Separation
17.2%
Seven Pounds
14.9%
Made in America
11.2%
Where the Day Takes You
2%

You're not logged in!

Compare scores with friends on all Sporcle quizzes.
OR
Log In
Forgot?

From the Vault

10 to 1: Product Brands

by filmstudy

This just makes you want to go out and buy stuff.
Remove Ads.
Support Sporcle.
Get the best of Sporcle when you Go Orange. This ad-free experience offers more features, more stats, and more fun while also helping to support Sporcle. Thank you for becoming a member.

Show Comments

Extras

Top Quizzes Today


Score Distribution

Your Account Isn't Verified!

In order to create a playlist on Sporcle, you need to verify the email address you used during registration. Go to your Sporcle Settings to finish the process.

Report this User

Report this user for behavior that violates our Community Guidelines.

Details: